| 000 | 00583nam a2200193 a 4500 | ||
|---|---|---|---|
| 001 | 3292 | ||
| 005 | 20140414131914.0 | ||
| 008 | 060215s19uu xx 00 eng d | ||
| 020 | _a0-602-23483-2 | ||
| 050 |
_aER _bG59 1988 |
||
| 100 | _aOakley, Helena | ||
| 245 |
_aA good book / _cstory by Helena Oakley and William Shepherd ; pictures by Brenda Jones. |
||
| 260 |
_aLondon : _bReed Educational and Professional, _c1988. |
||
| 300 | _a16 p. : ill. ; cm. | ||
| 440 | _aThe Ginn Reading Programme | ||
| 650 |
_aCats _xFiction. |
||
| 650 |
_aAnimals _xFiction. |
||
| 999 |
_c111347 _d111347 |
||